Footballeurs de fiction par images - Statistiques

Statistiques générales
  • Ce quiz a été pris 389 fois
    381 depuis la dernière actualisation
  • Le résultat moyen est 6 sur 16
Statistiques - réponses
Hint Explanation Réponse % Correct

Foot 2 Rue Tag
77%

Mario Strikers Toad
71%

Fifa Alex Hunter
67%

Olive et Tom Mark Landers
58%

Inazuma Eleven Mark Evans
55%

Blue Lock Yoichi Isagi
53%

Galactik Football D'Jok
47%

Shaolin Soccer Sing "Jambe d'acier"
47%

Goal! Santiago Muñez
35%

Les Seigneurs Rayane Ziani
33%

Droit au but Nino
26%

3 zéros Tibor Kovacs
20%

L'École des Champions Benjamin Lefranc
18%

Pro Evolution Soccer Castolo
16%

À nous la victoire Robert Hatch
14%

Eric Castel
13%
Aucun quiz correspondant
Distribution des résultats
% des personnes avec chaque résultat
Percentile par nombre de réponses
Votre historique - résultats
Vous n’avez pas pris ce quiz depuis la dernière actualisation